| 000 | 00406nam a2200169Ia 4500 | ||
|---|---|---|---|
| 005 | 20251020182517.0 | ||
| 008 | 200515s9999 xx 000 0 und d | ||
| 082 | _a674.231/C40 | ||
| 245 | 0 | _aBiblioteca practica de manualidades : como fabricar sus muebles | |
| 260 | _aBarcelona | ||
| 260 | _c1984 | ||
| 300 | _aGrijalbo | ||
| 500 | _a1 ejemplar | ||
| 650 | _aLIB | ||
| 650 | _aMUEBLES | ||
| 942 | _cLIB | ||
| 999 |
_c1622 _d1622 |
||